00533 2200193 4500001002100000005001500021035002000036007000300056008004100059020001700100082001000117084001600127100002100143245009500164260002900259300001700288600001300305990002100318INLIS00000000000030720220512083927 a0010-0522000007ta220512 0 ind  a978026486318 a152.4 a152.4 DAV n0 aDavid J Liberman1 aNever get angry again :btetap tenang dan terkendali dalam percakapan atau situasi apa pun aTangerang :bBACA,c2019 a240 ;c26 cm 4amotivasi a5633/SMPN7SBY/20